| 000 | 004940000a22001930004500 | ||
|---|---|---|---|
| 003 | LK-CoMWRAF | ||
| 005 | 20231107111539.0 | ||
| 008 | 230817t1981 ||||| |||| 00| 0 eng d | ||
| 040 |
_aLK-CoMWRAF _dLK-CoMWRAF _eLK-CoMWRAF |
||
| 041 | _aeng | ||
| 082 |
_a297.352 _bKAM |
||
| 100 | _aKamal, Abdul Aziz | ||
| 245 | _aEvery man's guide to Hajj and Umrah | ||
| 260 |
_aDelhi : _bMarkazi Maktaba Islami, _c1981 |
||
| 300 | _a115p | ||
| 650 | _aIslam | ||
| 650 | _aIslam-Hajj-Umrah | ||
| 942 | _cBK | ||
| 999 |
_c1246 _d1246 |
||